000 01573nam a2200277Ia 4500
999 _c38042
_d38042
001 4028
003 GE_BSU
005 20221025172541.0
008 181216s2001||||ge |||||||||||||| ||geo||
020 _a9992889187
040 _cGE_BSU
041 _ageo
080 _a316.48+327.56+341.9(042) ჯ-71
100 _aჯორბენაძე, რევაზ
_91012
245 _aპოლიტიკური კონფლიქტების მართვა : სალექციო კურსი
_bსახელმძღვ. სოციალ. მეცნ. მაგისტრანტებისათვის /
_cრევაზ ჯორბენაძე ; რედ : ლია კაჭარავა; ფონდი ღია საზოგადოება - საქართველო.
264 _aთბილისი :
_b მეცნიერება,
_c2001.
300 _a195 გვ . ;
_c20 სმ.
440 _aსოციალურ მეცნიერებათა სერია
_9955
504 _aბიბლიოგრ.: გვ. 190-194.
653 _aპოლიტიკური კონფლიქტების მართვა
653 _aძალაუფლება
653 _aსაერთაშორისო ურთიერთობები
700 _aკაჭარავა, ლია
_eრედაქტორი
_91013
710 _aფონდი ღია საზოგადოება - საქართველო
_915544
942 _cBK
_2udc